000 00715nam a2200229 i 4500
001 108560
003 ES-MaACL
005 20251013193705.0
007 t|
008 061121s1969 sp a |||| | spa d
100 1 _aMonlau, Simonne.
_982227
245 1 0 _aDime dónde está /
_cSimonne Monlau, Georges Monlau ; ilustrada por Philippe Daure, Jacques Poirier, Ismael Balanya.
250 _a1ª ed.
260 _aBarcelona :
_bArgos,
_c1969.
300 _a186 p. :
_bil. ;
_c28 cm.
700 1 _aMonlau, Georges.
_982225
700 1 _aDaure, Philippe.
_942832
700 1 _aPoirier, Jacques.
_992764
700 1 _aBalanyà, Ismael,
_d1921-
_9161475
852 _aES-MaACL
_jC-41015
999 _c108560
_d108560